Normale Ansicht MARC-Ansicht ISBD

Nezrimyj front Otečestva : (Titelsatznr. 52310)

[ MARC ]
MARC-Details
000 -Satzkennung
Kontrollfeld mit fester Länge 00663nac a22002171ca4500
001 - Kontrollnummer
Kontrollfeld a987690841
008 - Feld mit fester Länge zur physischen Beschreibung - Allgemeine Angaben
Kontrollfeld mit fester Länge 181114s2017 gw |||| 000u rus d
020 ## - Internationale Standardbuchnummer
Internationale Standardbuchnummer 9785990947566
Verknüpfung 978-5-9909475-6-6
041 ## - Sprachcode
Sprachcode des Textes/der Tonspur oder des separaten Titels rus
040 ## - Katalogisierungsquelle
Übertragungsstelle RU-10907106
003 - Kontrollnummer Identifier
Kontrollfeld RU-10907106
245 00 - Titel
Titel Nezrimyj front Otečestva :
Zusatz zum Titel 1917-2017 ; [jubilejnyj sbornik]
264 ## - Produktion, Veröffentlichung, Distribution, Herstellung und Urheberrechtsvermerk
Herstellungs-, Veröffentlichungs- Vertriebs-, Erzeugungsort Sankt-Peterburg :
Produzent, Herausgeber, Distributor, Hersteller Liki Rossii ; Fond razvitija konfliktologii,
Datum der Herstellung, der Veröffentlichung, des Vertriebs oder des Urheberschutzvermerks 2017
300 ## - Physische Beschreibung
Umfang 2 Bände
610 #0 - Nebeneintragung unter einem Schlagwort - Körperschaftsname
Körperschafts- oder Gebietskörperschaftsname als Eintragungselement Sowjetunion. Komitet Gosudarstvennoj Bezopasnosti
650 #0 - Nebeneintragung unter einem Schlagwort - Sachschlagwort
Sachschlagwort oder geografischer Name als Eintragungselement Geheimdienst
700 1# - Nebeneintragung - Personenname
Personenname Rac, S.V.
Funktionsbezeichnung HerausgeberIn
700 1# - Nebeneintragung - Personenname
Personenname Miljutenko, N.I.
Funktionsbezeichnung HerausgeberIn
942 ## - Zusätzliche Felder (Koha)
Koha-Medientyp Monographien
Exemplare
Ausgeschieden Verloren Beschädigt Nicht entleihbar Heimatbibliothek Aufenthaltsbibliothek Aufstellungsort Erwerbungsdatum Inventarnummer Signatur Barcode Letzte Aktivität Preis gültig von Koha-Medientyp
        MWN Osteuropa MWN Osteuropa Magazin - 2 14/11/2018 18-02373 R 60 hd Rac 1 (Bde.) 52324 23/02/2021 22/03/2021 Monographien